Spinors and space-time : (Record no. 28952)
[ view plain ]
| 000 -LEADER | |
|---|---|
| fixed length control field | 00756 a2200193 4500 |
| 020 ## - INTERNATIONAL STANDARD BOOK NUMBER | |
| International Standard Book Number | 0521347866 |
| 020 ## - INTERNATIONAL STANDARD BOOK NUMBER | |
| International Standard Book Number | 9780521347860 |
| 082 04 - DEWEY DECIMAL CLASSIFICATION NUMBER | |
| Classification number | 530.11 |
| 090 ## - LOCALLY ASSIGNED LC-TYPE CALL NUMBER (OCLC); LOCAL CALL NUMBER (RLIN) | |
| -- | 317 |
| -- | 317 |
| 100 1# - MAIN ENTRY--PERSONAL NAME | |
| Personal name | Penrose, Roger. |
| 245 10 - TITLE STATEMENT | |
| Title | Spinors and space-time : |
| Remainder of title | . |
| Number of part/section of a work | Volume 2, spinor and twistor methods in space-time geometry / |
| Statement of responsibility, etc. | Roger Penrose, Wolfgang Rindler. |
| 260 ## - PUBLICATION, DISTRIBUTION, ETC. | |
| Place of publication, distribution, etc. | [S.l.] : |
| Name of publisher, distributor, etc. | Cambridge University Press, |
| Date of publication, distribution, etc. | 1988. |
| 300 ## - PHYSICAL DESCRIPTION | |
| Extent | 512 p. ; |
| Dimensions | 23 cm. |
| 490 1# - SERIES STATEMENT | |
| Series statement | Cambridge monographs on mathematical physics. |
| 700 1# - ADDED ENTRY--PERSONAL NAME | |
| Personal name | Rindler, Wolfgang. |
| 830 #0 - SERIES ADDED ENTRY--UNIFORM TITLE | |
| Uniform title | Cambridge monographs on mathematical physics. |
| 942 ## - ADDED ENTRY ELEMENTS (KOHA) | |
| Institution code [OBSOLETE] | SNS |
| Koha item type | Book |
| Call number prefix | 530.11 RIN |
| Withdrawn status | Lost status | Damaged status | Not for loan | Permanent Location | Current Location | Date acquired | Total Checkouts | Full call number | Barcode | Date last seen | Date last checked out | Price effective from | Koha item type |
|---|---|---|---|---|---|---|---|---|---|---|---|---|---|
| School of Natural Sciences (SNS) | School of Natural Sciences (SNS) | 05/26/2016 | 1 | 530.11 RIN | SNS0000226 | 06/27/2024 | 12/13/2018 | 05/26/2016 | Book |
